Disposiciones dictadas para la reorganización de la enseñanza (Record no. 54935)

MARC details
000 -LEADER
campo de control de longitud fija 00614nam a22001575i 4500
001 - NÚMERO DE CONTROL
campo de control 54935
003 - IDENTIFICADOR DE NÚMERO DE CONTROL
campo de control ES-MaACL
007 - CAMPO FIJO DE DESCRIPCIÓN FÍSICA--INFORMACIÓN GENERAL
campo de control de longitud fija t|
008 - DATOS DE LONGITUD FIJA--INFORMACIÓN GENERAL
campo de control de longitud fija 940301s1900 sp ||||1| spa d
040 ## - FUENTE DE CATALOGACIÓN
Centro catalogador/agencia de origen AS
Lengua de catalogación spa
100 1# - ENTRADA PRINCIPAL--NOMBRE DE PERSONA
Nombre de persona García Alix, Antonio.
9 (RLIN) 54133
245 10 - MENCIÓN DEL TÍTULO
Título Disposiciones dictadas para la reorganización de la enseñanza
Resto del título : 26 abril a 30 septiembre de 1900 /
Mención de responsabilidad, etc. por Antonio García Alix, Primer Ministro de Instrucción Pública y Bellas Artes.
260 ## - PUBLICACIÓN, DISTRIBUCIÓN, ETC.
Lugar de publicación, distribución, etc. Madrid :
Nombre del editor, distribuidor, etc. [s.n.],
Fecha de publicación, distribución, etc. 1900 (
Fabricante Imprenta del Colegio Nacional de Sordomudos y de ciegos)
300 ## - DESCRIPCIÓN FÍSICA
Extensión LXIII, 399 p. ;
Dimensiones 24 cm.
852 ## - LOCALIZACIÓN
Ubicación ES-MaACL
Número de control de estantería G-14807
Holdings
Estatus retirado Estado de pérdida Estado de daño No para préstamo Colección Biblioteca de origen Biblioteca actual Ubicación en estantería Fecha de adquisición Fuente de adquisición Total de préstamos Signatura topográfica completa Código de barras Visto por última vez Precio de reemplazo Tipo de ítem Koha
        Libros del s. XIX Biblioteca del Ateneo de Madrid Biblioteca del Ateneo de Madrid Sala Pecera Planta 3 17/01/2008     G-14807 1057729 23/02/2023 23/02/2023 Libro impreso antiguo